=LDR 00000nam 2200000 4500 =001 INLIS000000000010671 =005 20240501104541 =035 ##$$a 0010-0524000051 =007 ta =008 240501################e##########f#ind## =082 ##$$a 899.2213 =084 ##$$a 899.2213 IND k =100 #$$a INDI =245 1#$$a Karena Cinta Itu Sempurna : $b Pujian Untuk Waktu AKu Sama Mika /$c Indi =250 ##$$a Cetakan IV =260 ##$$a Yogyakarta :$b Homerian Pustaka,$c 2011 =300 ##$$a 180 : $b Gambar ; $c 10,8 x 17,8 cm$e Biografi =500 ##$$a Kisah nyata =600 #4$$a Fiksi Indonesia =856 ##$$a OPAC Pojok Baca TIA (C Elisa) =990 ##$$a 44/SP-24